000 00754nam a2200217 a 4500
001 000030995
003 DO-SdBNP
005 20251107110523.0
008 100907s1995 dr 000 0 spa d
040 _aDO-SdBNP
_bspa
_cBNPHU
082 4 _a028.5
_bL296b
100 1 _aLantigua, José Rafael,
_d1949-
_91438
245 1 0 _aBuscando tiempo para leer :
_b(los 10 derechos del posible lector) /
_cJosé Rafael Lantigua.
260 _aSanto Domingo :
_bComisión Organizadora Permanente de la Feria del Nacional del Libro,
_c1995.
300 _a21 p. ;
_c21cm.
650 0 _aPromoción de la lectura
_97321
650 0 _aLibros y lectura
_91512
650 4 _aGuía para lectores
_944457
910 _aValidado. control de calidad MFF
942 _2ddc
_cLBS1
999 _c30487
_d30487